[Event "Challenge"]
[Site "http://www.queenalice.com/game.php?id=588257"]
[Date "2009.5.14"]
[Round "-"]
[White "lachlan_scott"]
[Black "chris_rodgers"]
[Result "0-1"]
[WhiteElo "1380"]
[BlackElo "1500"]

1. e4 e5 2. Bc4 Nf6 3. d3 c5 4. Nh3 d5 5. exd5 Bxh3 6. gxh3 Nxd5 7. Qf3 Nf6 8.
Qxb7 Nbd7 9. Qb3 Qe7 10. Nc3 Nb6 11. Bb5+ Kd8 12. Be3 e4 13. Nxe4 Nxe4 14. Bc6
Rc8 15. Bxe4 Qe6 16. Qb5 Qxh3 17. O-O-O g6 18. Bg5+ Be7 19. f4 Bxg5 20. fxg5
Qe3+ 21. Kb1 Qxg5 22. Rhe1 Re8 23. Bc6 Rxe1 24. Rxe1 Qd2 25. Re8+ Kc7 26. Re7+
Kd8 27. Rd7+ Nxd7 28. b3 Rc7 29. Qa5 Qxh2 30. Bd5 Qg1+ 0-1

[Event "Challenge"]
[Site "http://www.queenalice.com/game.php?id=591575"]
[Date "2009.5.21"]
[Round "-"]
[White "chris_rodgers"]
[Black "lachlan_scott"]
[Result "1/2-1/2"]
[WhiteElo "1640"]
[BlackElo "1380"]

1. e4 b6 2. d4 Bb7 3. Nc3 d5 4. exd5 Bxd5 5. Nxd5 Qxd5 6. c4 Qe4+ 7. Be3 Nc6 8.
Qa4 O-O-O 9. d5 Na5 10. b4 Nxc4 11. Qa6+ Kb8 12. Qxc4 Qxd5 13. Qxd5 Rxd5 14. Bc4
Rd6 15. Bxf7 Nf6 16. Nf3 h5 17. O-O Ne4 18. Ne5 g5 19. f3 Nc3 20. Bxg5 Bg7 21.
f4 Bf6 22. Bxf6 exf6 23. Nc4 Rd4 24. g3 Rh7 25. Rf3 Nb5 26. Bg6 Rg7 27. Bxh5
Rxc4 28. a3 Nc3 29. Re3 Kb7 30. Re6 Rxf4 31. Kg2 Nb5 32. Bf3+ 1/2-1/2

[Event "Challenge"]
[Site "http://www.queenalice.com/game.php?id=593252"]
[Date "2009.5.24"]
[Round "-"]
[White "therota2"]
[Black "lachlan_scott"]
[Result "0-1"]
[WhiteElo "1496"]
[BlackElo "1435"]

1. d4 d5 2. Nf3 Bf5 3. e3 e6 4. Be2 Nc6 5. h4 Nb4 6. Na3 Bd6 7. h5 Qd7 8. Bb5
Nxc2+ 9. Nxc2 Qxb5 10. a4 Qc4 11. a5 Bxc2 12. Qd2 Nf6 13. Ng5 Bb4 0-1

[Event "Challenge"]
[Site "http://www.queenalice.com/game.php?id=593253"]
[Date "2009.5.24"]
[Round "-"]
[White "lachlan_scott"]
[Black "therota2"]
[Result "1-0"]
[WhiteElo "1453"]
[BlackElo "1507"]

1. e4 e5 2. Bc4 Bc5 3. d3 Nc6 4. Nf3 Nf6 5. Ng5 Rf8 6. O-O h5 7. Qf3 Ng4 8.
Bxf7+ Ke7 9. h3 Nd4 10. Qd1 Kd6 11. hxg4 h4 12. Be3 Rh8 13. c3 Nb5 14. Qa4 a6
15. Bxc5+ Kxc5 16. Nf3 Qf6 17. Bc4 h3 18. Qd1 d6 19. Nh2 hxg2 20. Kxg2 Qh4 21.
Rh1 Qh3+ 22. Kg1 Rh4 23. Qf3 Bxg4 24. Qxh3 Bxh3 25. f3 Rh5 26. Ng4 Rf8 27. Nd2
Kb6 28. a4 Kc6 29. Bd5+ Kb6 30. Be6 Re8 31. Bf7 Reh8 32. Bxh5 Rxh5 33. axb5 Kxb5
34. Nc4 a5 35. Rxa5+ 1-0

[Event "Challenge"]
[Site "http://www.queenalice.com/game.php?id=593405"]
[Date "2009.5.25"]
[Round "-"]
[White "lachlan_scott"]
[Black "chris_rodgers"]
[Result "0-1"]
[WhiteElo "1390"]
[BlackElo "1553"]

1. e4 e5 2. Bc4 Nf6 3. Nf3 d6 4. Ng5 d5 5. Nxf7 Kxf7 6. Bxd5+ Nxd5 7. Qf3+ Nf6
8. b3 Bg4 9. Qg3 Nc6 10. Bb2 Nd4 11. Na3 Bxa3 12. Qc3 Bxb2 13. Qxb2 Nxe4 14. f3
Nxf3+ 15. gxf3 Qxd2+ 16. Kf1 Qf2# 0-1

[Event "Challenge - English"]
[Site "http://www.queenalice.com/game.php?id=598805"]
[Date "2009.6.5"]
[Round "-"]
[White "therota2"]
[Black "lachlan_scott"]
[Result "0-1"]
[WhiteElo "1516"]
[BlackElo "1415"]

1. c4 e5 2. Nc3 Nf6 3. g3 Bb4 4. Bg2 Bxc3 5. bxc3 O-O 6. d4 e4 7. d5 d6 8. f3
Qe7 9. Qd4 Re8 10. fxe4 Nxe4 11. Bxe4 Qxe4 12. Qxe4 Rxe4 13. Bb2 Rxc4 14. Nf3
Re4 15. Ng5 Re3 16. Rf1 f6 17. Nf3 Bg4 18. Rd1 Nd7 19. Rd3 Re7 20. h4 Ne5 21.
Nxe5 Rxe5 22. Rf2 Rae8 23. Rf4 Rxe2+ 24. Kf1 Re1+ 25. Kf2 R8e2# 0-1

[Event "No_more_messing"]
[Site "http://www.queenalice.com/game.php?id=608335"]
[Date "2009.6.24"]
[Round "-"]
[White "therota2"]
[Black "lachlan_scott"]
[Result "0-1"]
[WhiteElo "1504"]
[BlackElo "1471"]

1. c4 Nf6 2. Nc3 d5 3. cxd5 Nxd5 4. g3 c6 5. e4 Nxc3 6. bxc3 e5 7. Bc4 Qf6 8.
Nf3 Bg4 9. Be2 Bc5 10. h3 Bh5 11. Rb1 b5 12. d4 Bb6 13. Nxe5 Bg6 14. Bf3 O-O 15.
Bf4 Ba5 16. Qd3 Qd6 17. h4 Nd7 18. h5 Nc5 19. dxc5 Qxc5 20. Nd7 Qxc3+ 21. Ke2
Rfd8 22. hxg6 Rxd7 23. Qxd7 Qc4+ 24. Qd3 Qxa2+ 25. Bd2 Rd8 26. gxh7+ Kh8 27. Qc3
Bxc3 0-1